Risk, organizations and society

Αποθηκεύτηκε σε:
Λεπτομέρειες βιβλιογραφικής εγγραφής
Άλλοι συγγραφείς: Shubik, Martin (Επιμελητής έκδοσης)
Μορφή: Βιβλίο
Γλώσσα:English
Δημοσίευση: Boston : Kluwer Academic, c1991
Σειρά:Studies in risk and uncertainty
Θέματα:
Ετικέτες: Προσθήκη ετικέτας
Δεν υπάρχουν, Καταχωρήστε ετικέτα πρώτοι!

MARC

LEADER 00000pam a2200000 i 4500
001 1/94077
008 940907s1991 eng d
020 |a 0-7923-9118-7 
035 |l 10009083 
040 |a GR-MY-UA  |b gre  |e aacr 
041 0 |a eng 
082 0 |a 363.1 
245 1 0 |a Risk, organizations and society /  |c Edited by Martin Shubik 
260 |a Boston :   |b Kluwer Academic,   |c c1991 
300 |a vi, 239 p.;  |c 24 cm 
490 1 |a Studies in risk and uncertainty 
504 |a Includes bibliographical references and index 
650 0 0 |a Risk assessment  |x Social aspects. 
650 0 0 |a Technology  |x Risk assessment  |x Social aspects. 
650 0 0 |a Health risk assessment  |x Social aspects. 
700 1 |a Shubik, Martin.  |4 edt 
830 0 |a Studies in risk and uncertainty 
852 |a INST  |b LESVOS  |e 19940907  |h 363.1 RIS  |p 005100002522  |q 005100002522  |t BK  |y 0 
909 |a Λ  |b 035729